000 01785nam a2200349 a 4500
001
003 DO-SdBNP
005 20220118122603.0
008 090716s2009 dr abd 001 0 spa d
020 _a9789945427691
040 _aDO-SdBNP
_bspa
_cBPMSU
082 _a325.21097293
_bE27m 2009
_222
245 0 0 _aEfectos de la migración internacional en las comunidades de origen del suroeste de la República Dominicana /
_cdirección Gonzalo Ramírez de Haro ; Dolores Brandis, Teresa Cañedo Argüelles, Teba Castaño, Luis Escolano.
260 _aSanto Domingo :
_bInstituto Panamericano de Geografía e Historia ;
_bFundación Carolina,
_c2009.
300 _a258 p. :
_bil., gráfcs., mapas ;
_c23 cm.
500 _aIncluye datos biográficos de los autores: p. 255-258.
504 _aIncluye referencias bibliográficas y notas al pie de páginas.
504 _aBibliografía : p.237-251.
505 0 _gPresentación /
_rBolívar Troncoso --
_tEl Valle de Neiba --
_tEl proceso migratorio hacia España y sus efectos sobre los niveles de pobreza en el Valle de Neiba --
_tOtros efectos en la localidad de Vicente Noble --
_tLos actores de cambio y codesarrollo --
_gConclusiones y propuesta --
_gBibliografía --
_gAutores.
590 _aInventariado, 2022/VM
650 4 _aMovimiento de capitales
_zRepública Dominicana
651 4 _aRepública Dominicana
_xMigración e Inmigración
_xAspectos económicos
_ySiglo XX
700 1 _aRamírez de Haro, Gonzalo,
_edir.
700 1 _aBrandis, Dolores
700 1 _aCañedo Argüelles, Teresa
700 1 _aCastaño, Teba
700 1 _aEscolano, Luis
710 2 _aInstituto Panamericano de Geografía e Historia
_b Fundación Carolina
710 2 _aFundación Carolina (CeCALCI)
910 _aVMateo V.
942 _2ddc
_cBK
999 _c13958
_d13958